[Event "Lueneburg distr-ch Meister"]
[Site "Muenster"]
[Date "2019.10.19"]
[Round "6"]
[White "Meschke, Oliver"]
[Black "Palmer, Harald"]
[Result "1/2-1/2"]
[WhiteElo "1901"]
[BlackElo "1859"]
[PlyCount "39"]
[EventDate "2019.10.17"]
[EventType "swiss"]
[EventRounds "7"]
[EventCountry "GER"]
[SourceTitle "EXT 2023"]
[Source "ChessBase"]
[SourceDate "2022.10.05"]
[SourceVersion "1"]
[SourceVersionDate "2022.10.05"]
[SourceQuality "1"]

1. f4 d5 2. Nf3 Nf6 3. c4 e6 4. e3 c5 5. b3 Nc6 6. Bb2 d4 7. Na3 a6 8. Bd3 Nb4 9. Ne5 Bd6 10. Bb1 dxe3 11. dxe3 0-0 12. 0-0 Bxe5 13. Bxe5 Qxd1 14. Rxd1 Ng4 15. Bc7 Nxe3 16. Rd2 Nf5 17. Bb6 Nc6 18. Bxc5 Rd8 19. Rxd8+ Nxd8 20. Bxf5 1/2-1/2

[Event "Lueneburg distr-ch Meister"]
[Site "Muenster"]
[Date "2019.10.18"]
[Round "4"]
[White "Palmer, Harald"]
[Black "Gruening, Thomas"]
[Result "0-1"]
[WhiteElo "1859"]
[BlackElo "1846"]
[PlyCount "80"]
[EventDate "2019.10.17"]
[EventType "swiss"]
[EventRounds "7"]
[EventCountry "GER"]
[SourceTitle "EXT 2023"]
[Source "ChessBase"]
[SourceDate "2022.10.05"]
[SourceVersion "1"]
[SourceVersionDate "2022.10.05"]
[SourceQuality "1"]

1. Nf3 f5 2. c4 Nf6 3. g3 g6 4. Bg2 Bg7 5. d4 0-0 6. 0-0 d6 7. d5 c6 8. Nc3 e5 9. dxe6 Bxe6 10. b3 Ne4 11. Nxe4 fxe4 12. Nd4 Bf5 13. Rb1 d5 14. Ba3 Re8 15. Nxf5 gxf5 16. Bh3 Qa5 17. Qc1 d4 18. c5 Rf8 19. Qc4+ Kh8 20. Bb2 Nd7 21. Bxd4 Ne5 22. Bxe5 Bxe5 23. b4 Qc7 24. Rbd1 Rf7 25. e3 Rg8 26. Bg2 h5 27. f4 Bf6 28. Rd6 h4 29. Kf2 Qe7 30. Qe6 Qxe6 31. Rxe6 Rd8 32. Rd6 Rxd6 33. cxd6 Kg7 34. Rd1 Kf8 35. g4 fxg4 36. Bxe4 Rg7 37. Bf5 Ke8 38. Rg1 g3+ 39. hxg3 hxg3+ 40. Rxg3 Bh4 0-1

[Event "Niedersachsen-ch op A"]
[Site "Verden"]
[Date "2019.01.05"]
[Round "5"]
[White "Palmer, Harald"]
[Black "Meyer, Heinz Dieter"]
[Result "0-1"]
[WhiteElo "1815"]
[BlackElo "2076"]
[PlyCount "62"]
[EventDate "2019.01.03"]
[EventType "swiss"]
[EventRounds "7"]
[EventCountry "GER"]
[SourceTitle "EXT 2022"]
[Source "ChessBase"]
[SourceDate "2021.10.06"]
[SourceVersion "1"]
[SourceVersionDate "2021.10.06"]
[SourceQuality "1"]

1. Nf3 Nf6 2. c4 c5 3. g3 g6 4. Bg2 Bg7 5. 0-0 0-0 6. d4 cxd4 7. Nxd4 Nc6 8. Nc3 Nxd4 9. Qxd4 d6 10. Rd1 Be6 11. Bd2 Qc7 12. b3 d5 13. Rac1 dxc4 14. Nb5 Qc8 15. bxc4 a6 16. Na3 Rd8 17. Qb2 Ne4 18. Qc2 Nxd2 19. Rxd2 Qc5 20. Rxd8+ Rxd8 21. Nb1 b5 22. Nd2 bxc4 23. Ne4 Qa5 24. h4 h6 25. Kh2 c3 26. e3 f5 27. Nxc3 Rc8 28. Bb7 Rxc3 29. Qd2 Qc7 30. Rxc3 Bxc3 31. Qc2 Qxb7 0-1

[Event "Niedersachsen-ch op A"]
[Site "Verden"]
[Date "2019.01.04"]
[Round "4"]
[White "Koch, Yannick"]
[Black "Palmer, Harald"]
[Result "1-0"]
[WhiteElo "2028"]
[BlackElo "1815"]
[PlyCount "135"]
[EventDate "2019.01.03"]
[EventType "swiss"]
[EventRounds "7"]
[EventCountry "GER"]
[SourceTitle "EXT 2022"]
[Source "ChessBase"]
[SourceDate "2021.10.06"]
[SourceVersion "1"]
[SourceVersionDate "2021.10.06"]
[SourceQuality "1"]

1. d4 Nf6 2. c4 e6 3. Nc3 Bb4 4. Qc2 d5 5. cxd5 exd5 6. Nf3 0-0 7. Bf4 Nc6 8. e3 a6 9. Bd3 Ne7 10. 0-0 Ng6 11. Bg5 Be7 12. Rfc1 c6 13. Na4 Re8 14. Nc5 Ne4 15. Bxe7 Qxe7 16. b4 Rb8 17. a4 Bg4 18. Ne1 Bf5 19. b5 cxb5 20. axb5 axb5 21. Qb2 Nd6 22. Bxb5 Nxb5 23. Qxb5 Nh4 24. Ra7 Be4 25. Rxb7 Rxb7 26. Qxb7 Nf5 27. Qxe7 Nxe7 28. f3 Bg6 29. Kf2 f6 30. Ra1 Kf7 31. Ra7 Rb8 32. Ned3 Bxd3 33. Nxd3 g5 34. e4 dxe4 35. fxe4 Re8 36. d5 Kg6 37. g4 Nc8 38. Ra4 Nd6 39. Ke3 h5 40. h3 hxg4 41. hxg4 Nb5 42. Ra5 Nc3 43. Nf2 Re7 44. Rc5 Na4 45. Rc6 Kf7 46. Kd4 Rb7 47. Nd3 Ke7 48. Re6+ Kf7 49. Ra6 Nb2 50. e5 fxe5+ 51. Nxe5+ Ke7 52. Re6+ Kd8 53. Nc6+ Kc8 54. Rg6 Rf7 55. Rxg5 Na4 56. Ke5 Nc5 57. Rg8+ Kc7 58. g5 Nd7+ 59. Ke6 Rf1 60. d6+ Kxc6 61. Rc8+ Kb7 62. Rc7+ Kb8 63. Kxd7 Rg1 64. Rc5 Rb1 65. Kd8 Kb7 66. d7 Rh1 67. g6 Rg1 68. Ke8 1-0

[Event "Niedersachsen-ch op A"]
[Site "Verden"]
[Date "2018.01.05"]
[Round "3"]
[White "Niemann, Leon Pascal"]
[Black "Palmer, Harald"]
[Result "0-1"]
[WhiteElo "1726"]
[BlackElo "1795"]
[PlyCount "68"]
[EventDate "2018.01.04"]
[EventType "swiss"]
[EventRounds "7"]
[EventCountry "GER"]
[SourceTitle "EXT 2022"]
[Source "ChessBase"]
[SourceDate "2021.10.06"]
[SourceVersion "1"]
[SourceVersionDate "2021.10.06"]
[SourceQuality "1"]

1. e4 c5 2. Nf3 e6 3. d4 cxd4 4. Nxd4 Nc6 5. Nc3 Qc7 6. Be3 a6 7. Qd2 b5 8. Be2 Bb7 9. f3 Nf6 10. g4 h6 11. 0-0-0 Rc8 12. Rdg1 Na5 13. Nd1 e5 14. Nf5 Nxe4 15. fxe4 Bxe4 16. Bd3 Bxh1 17. Rxh1 Nc4 18. Qe2 Nxe3 19. Qxe3 g6 20. Nh4 d5 21. Re1 Bd6 22. Qe2 0-0 23. c3 e4 24. Bc2 Qa5 25. Qd2 g5 26. Ng6 Rfd8 27. Qd4 fxg6 28. Qf6 Bf8 29. Qxg6+ Bg7 30. Rf1 Rf8 31. Qe6+ Kh8 32. Rf7 Rxf7 33. Qxf7 Qxa2 34. Ne3 Rf8 0-1

[Event "Lueneburg distr-ch Meister"]
[Site "Lueneburg"]
[Date "2017.10.13"]
[Round "4"]
[White "Palmer, Harald"]
[Black "Goetz, Patrick"]
[Result "1-0"]
[WhiteElo "1878"]
[BlackElo "1779"]
[PlyCount "123"]
[EventDate "2017.10.12"]
[EventType "swiss"]
[EventRounds "7"]
[EventCountry "GER"]
[SourceTitle "EXT 2019"]
[Source "ChessBase"]
[SourceDate "2018.10.10"]
[SourceVersion "1"]
[SourceVersionDate "2018.10.10"]
[SourceQuality "1"]

1. Nf3 Nf6 2. c4 c5 3. Nc3 Nc6 4. g3 g6 5. Bg2 Bg7 6. e3 d5 7. cxd5 Nxd5 8. 0-0 Bg4 9. Qa4 Nxc3 10. bxc3 Bd7 11. Qc4 b6 12. d4 Rc8 13. Qe2 0-0 14. Bb2 Qc7 15. Rfd1 cxd4 16. exd4 e6 17. Ng5 Na5 18. Ba3 Rfe8 19. Ne4 Nc4 20. Bc1 Ba4 21. Re1 Rf8 22. h4 h6 23. g4 Qe7 24. g5 h5 25. Bf4 Rfd8 26. Nf6+ Bxf6 27. gxf6 Qf8 28. Bf3 Rd5 29. Bxd5 exd5 30. Qe7 a5 31. Qxf8+ Kxf8 32. Re7 Rc6 33. Bh6+ Kg8 34. Re8+ Kh7 35. Bg5 Rxf6 36. Rh8+ Kxh8 37. Bxf6+ Kg8 38. Re1 Nd2 39. Re7 Ne4 40. Be5 f6 41. Bc7 Nxc3 42. Bxb6 Nxa2 43. Ra7 Nc3 44. Rxa5 Be8 45. Ra8 Kf7 46. Bc5 Ne2+ 47. Kh2 Nf4 48. Ra7+ Kg8 49. Be7 f5 50. Bd6 Nd3 51. Kg3 Nb2 52. Ra2 Nc4 53. Be5 Kf7 54. Kf4 Nb6 55. Kg5 Nd7 56. Ra6 Ke7 57. Bf6+ Nxf6 58. Rxf6 Bf7 59. Rxg6 Bxg6 60. Kxg6 Ke6 61. Kxh5 Kf6 62. f4 1-0

[Event "Lueneburg distr-ch Meister"]
[Site "Muenster"]
[Date "2016.10.15"]
[Round "5.5"]
[White "Harms, Friedjof"]
[Black "Palmer, Harald"]
[Result "1-0"]
[WhiteElo "1870"]
[BlackElo "1890"]
[PlyCount "45"]
[EventDate "2016.10.13"]
[EventType "swiss"]
[EventRounds "7"]
[EventCountry "GER"]
[SourceTitle "EXT 2019"]
[Source "ChessBase"]
[SourceDate "2018.10.10"]
[SourceVersion "1"]
[SourceVersionDate "2018.10.10"]
[SourceQuality "1"]

1. e4 c5 2. Nc3 d6 3. f4 Nc6 4. Bb5 a6 5. Bxc6+ bxc6 6. Nf3 Nf6 7. 0-0 e6 8. d3 Be7 9. e5 Nd5 10. Ne4 0-0 11. c4 Nb6 12. exd6 Bxd6 13. Be3 Qe7 14. Ne5 Qc7 15. Bxc5 Bxe5 16. fxe5 Rd8 17. Qh5 h6 18. Rf3 Na4 19. Bd6 Qb6+ 20. c5 Qxb2 21. Qxf7+ Kh8 22. Raf1 Rd7 23. Qg6 1-0

[Event "Lueneburg distr-ch Meister"]
[Site "Muenster"]
[Date "2016.10.15"]
[Round "6.6"]
[White "Palmer, Harald"]
[Black "Dittmann, Tobias"]
[Result "1/2-1/2"]
[WhiteElo "1890"]
[BlackElo "1857"]
[PlyCount "112"]
[EventDate "2016.10.13"]
[EventType "swiss"]
[EventRounds "7"]
[EventCountry "GER"]
[SourceTitle "EXT 2019"]
[Source "ChessBase"]
[SourceDate "2018.10.10"]
[SourceVersion "1"]
[SourceVersionDate "2018.10.10"]
[SourceQuality "1"]

1. e4 e6 2. d4 d5 3. e5 c5 4. c3 Qb6 5. Nf3 Bd7 6. Be2 Bb5 7. 0-0 Bxe2 8. Qxe2 Nc6 9. Be3 Nh6 10. dxc5 Bxc5 11. Bxc5 Qxc5 12. Nbd2 Nf5 13. Nb3 Qb6 14. Rfd1 0-0 15. Rac1 Rac8 16. Qd3 Qc7 17. Re1 a6 18. Qb1 Nfe7 19. Nbd4 Ng6 20. Nxc6 bxc6 21. Re3 Rb8 22. Rce1 c5 23. g3 c4 24. h4 Rb6 25. h5 Ne7 26. g4 Rfb8 27. Ng5 g6 28. R1e2 Qb7 29. Rf3 Rxb2 30. Rxb2 Qxb2 31. Qxb2 Rxb2 32. Rxf7 Nc6 33. hxg6 hxg6 34. Rf6 Nxe5 35. Rxe6 Nd3 36. Rxg6+ Kf8 37. Rxa6 Rc2 38. Rd6 Rxc3 39. Rxd5 Nb4 40. Rf5+ Kg8 41. a4 Rc1+ 42. Kg2 c3 43. Rc5 c2 44. Rc8+ Kg7 45. Ne6+ Kg6 46. Nd4 Kg5 47. f3 Rd1 48. Nxc2 Rd2+ 49. Kg3 Nxc2 50. a5 Ne3 51. f4+ Kg6 52. Kf3 Rd3 53. Ke4 Ra3 54. a6 Nxg4 55. Rg8+ Kh5 56. Rh8+ Kg6 1/2-1/2

[Event "Lueneburg distr-ch Meister"]
[Site "Muenster"]
[Date "2016.10.13"]
[Round "2.7"]
[White "Palmer, Harald"]
[Black "Bargsten, Justus"]
[Result "1-0"]
[WhiteElo "1890"]
[BlackElo "1785"]
[PlyCount "27"]
[EventDate "2016.10.13"]
[EventType "swiss"]
[EventRounds "7"]
[EventCountry "GER"]
[SourceTitle "EXT 2019"]
[Source "ChessBase"]
[SourceDate "2018.10.10"]
[SourceVersion "1"]
[SourceVersionDate "2018.10.10"]
[SourceQuality "1"]

1. e4 e6 2. d4 d5 3. e5 c5 4. c3 Nc6 5. Nf3 Bd7 6. Bd3 Qb6 7. 0-0 Nh6 8. Bxh6 Qxb2 9. Be3 Qxa1 10. Qc2 cxd4 11. Nxd4 Nb4 12. cxb4 Rc8 13. Qb3 Be7 14. Nf3 1-0

[Event "Lueneburg distr-ch Meister"]
[Site "Muenster"]
[Date "2016.10.13"]
[Round "1.7"]
[White "Von Estorff, Jacob"]
[Black "Palmer, Harald"]
[Result "1-0"]
[WhiteElo "1896"]
[BlackElo "1890"]
[PlyCount "143"]
[EventDate "2016.10.13"]
[EventType "swiss"]
[EventRounds "7"]
[EventCountry "GER"]
[SourceTitle "EXT 2019"]
[Source "ChessBase"]
[SourceDate "2018.10.10"]
[SourceVersion "1"]
[SourceVersionDate "2018.10.10"]
[SourceQuality "1"]

1. e4 c5 2. Nf3 d6 3. d4 cxd4 4. Nxd4 Nf6 5. Nc3 g6 6. h3 Bg7 7. Be3 Nc6 8. Bc4 0-0 9. Qd2 Bd7 10. 0-0-0 Ne5 11. Bb3 Rc8 12. Qe2 a6 13. f4 Nc6 14. g4 Na5 15. e5 Nxb3+ 16. Nxb3 Ne8 17. Nd5 Bb5 18. Qf2 e6 19. Nb6 Rc7 20. Rd2 f5 21. exd6 Nxd6 22. Rhd1 Qf6 23. Bd4 Qf7 24. Nc5 Nc4 25. Nxc4 Bxc4 26. Bxg7 Qxg7 27. Rd7 Rxd7 28. Nxd7 Rd8 29. Qd4 Qxd4 30. Rxd4 Bd5 31. Nf6+ Kg7 32. g5 h6 33. Kd2 hxg5 34. fxg5 Rh8 35. Nxd5 exd5 36. Rxd5 Rxh3 37. Rd7+ Kf8 38. Rxb7 Rg3 39. c4 Rxg5 40. c5 f4 41. c6 Ke8 42. Rh7 Rc5 43. c7 g5 44. Rg7 g4 45. Rxg4 Rxc7 46. Rxf4 Rc6 47. Rf3 Rh6 48. Rd3 Ke7 49. Kc3 Rb6 50. Rd2 Rb5 51. Kc4 Rh5 52. b4 Ke6 53. Rd8 Rh2 54. Kb3 Ke7 55. Ra8 Rh6 56. Ka4 Rb6 57. a3 Kd7 58. Ka5 Rg6 59. Rxa6 Rg5+ 60. b5 Kc7 61. Rh6 Kb7 62. Rh7+ Kb8 63. a4 Rg4 64. b6 Rg5+ 65. Ka6 Rg8 66. a5 Rf8 67. Rh5 Rg8 68. Kb5 Kb7 69. a6+ Ka8 70. Rh7 Kb8 71. a7+ Ka8 72. Ka6 1-0

[Event "Niedersachsen-ch op"]
[Site "Verden"]
[Date "2016.01.06"]
[Round "7"]
[White "Palmer, Harald"]
[Black "Hupe, Henning"]
[Result "0-1"]
[WhiteElo "1891"]
[BlackElo "2059"]
[PlyCount "52"]
[EventDate "2016.01.03"]
[EventType "swiss"]
[EventRounds "7"]
[EventCountry "GER"]
[SourceTitle "EXT 2018"]
[Source "ChessBase"]
[SourceDate "2017.10.13"]
[SourceVersion "1"]
[SourceVersionDate "2017.10.13"]
[SourceQuality "1"]

1. e4 c6 2. d4 d5 3. exd5 cxd5 4. c4 e6 5. Nc3 Nf6 6. Nf3 Be7 7. c5 0-0 8. Bd3 b6 9. b4 a5 10. Na4 bxc5 11. bxc5 Ba6 12. Nb6 Bxd3 13. Qxd3 Ra7 14. 0-0 Qc7 15. Rb1 Nc6 16. Bg5 Ne4 17. Bxe7 Qxe7 18. a3 Rc7 19. Rfc1 Qf6 20. Rb2 g5 21. h3 h5 22. Rd1 g4 23. hxg4 hxg4 24. Nh2 Qh4 25. f3 g3 26. Nf1 Nf2 0-1

[Event "Niedersachsen-ch op"]
[Site "Verden"]
[Date "2016.01.04"]
[Round "3"]
[White "Palmer, Harald"]
[Black "Laubrock, Paul"]
[Result "0-1"]
[WhiteElo "1891"]
[BlackElo "1980"]
[PlyCount "84"]
[EventDate "2016.01.03"]
[EventType "swiss"]
[EventRounds "7"]
[EventCountry "GER"]
[SourceTitle "EXT 2018"]
[Source "ChessBase"]
[SourceDate "2017.10.13"]
[SourceVersion "1"]
[SourceVersionDate "2017.10.13"]
[SourceQuality "1"]

1. e4 d5 2. exd5 Qxd5 3. Nc3 Qa5 4. d4 Nf6 5. Nf3 Bg4 6. h3 Bh5 7. g4 Bg6 8. Bd2 c6 9. Bc4 e6 10. Bb3 Nbd7 11. Qe2 Qc7 12. Ne5 Nxe5 13. dxe5 Nd5 14. 0-0-0 0-0-0 15. f4 Bb4 16. Nxd5 Bxd2+ 17. Rxd2 cxd5 18. Rf1 Rhe8 19. Qf2 Be4 20. Qxa7 b5 21. Qa6+ Qb7 22. Qxb7+ Kxb7 23. c3 f5 24. Bc2 g6 25. Rff2 Rf8 26. g5 Kb6 27. Rh2 Ra8 28. a3 Rfc8 29. Rd4 Rc4 30. Kd2 Rac8 31. Bxe4 Rxd4+ 32. cxd4 fxe4 33. h4 Ka5 34. h5 Ka4 35. hxg6 hxg6 36. Rh7 Kb3 37. Rb7 Kc4 38. b3+ Kxd4 39. Rxb5 e3+ 40. Ke2 Rc2+ 41. Kf3 e2 42. Kf2 Kd3 0-1

[Event "Lueneburg distr-ch Haupt"]
[Site "Tostedt"]
[Date "2015.10.24"]
[Round "6.1"]
[White "Ditze, Thomas"]
[Black "Palmer, Harald"]
[Result "1/2-1/2"]
[WhiteElo "1899"]
[BlackElo "1896"]
[PlyCount "21"]
[EventDate "2015.10.22"]
[EventType "swiss"]
[EventRounds "7"]
[EventCountry "GER"]
[SourceTitle "EXT 2019"]
[Source "ChessBase"]
[SourceDate "2018.10.10"]
[SourceVersion "1"]
[SourceVersionDate "2018.10.10"]
[SourceQuality "1"]

1. d4 Nf6 2. c4 g6 3. Nc3 d5 4. Nf3 Bg7 5. Bf4 c6 6. e3 0-0 7. Qb3 Ne4 8. cxd5 Nxc3 9. Qxc3 cxd5 10. Be2 Nc6 11. 0-0 1/2-1/2

[Event "Lueneburg distr-ch Haupt"]
[Site "Tostedt"]
[Date "2015.10.23"]
[Round "4.4"]
[White "Palmer, Harald"]
[Black "Schmidt, Ulrich1111"]
[Result "1-0"]
[WhiteElo "1896"]
[BlackElo "1779"]
[PlyCount "87"]
[EventDate "2015.10.22"]
[EventType "swiss"]
[EventRounds "7"]
[EventCountry "GER"]
[SourceTitle "EXT 2019"]
[Source "ChessBase"]
[SourceDate "2018.10.10"]
[SourceVersion "1"]
[SourceVersionDate "2018.10.10"]
[SourceQuality "1"]

1. e4 e6 2. d4 d5 3. Nd2 Nf6 4. e5 Nfd7 5. Bd3 c5 6. c3 Nc6 7. Ne2 Qb6 8. Nf3 f6 9. exf6 Nxf6 10. 0-0 Bd6 11. Rb1 0-0 12. Bf4 Qc7 13. Bxd6 Qxd6 14. Ng3 e5 15. dxe5 Nxe5 16. Nxe5 Qxe5 17. Qd2 Qd6 18. Rbe1 Bd7 19. Qg5 Rae8 20. Nf5 Bxf5 21. Qxf5 Rxe1 22. Rxe1 Ne4 23. Qh3 Qf6 24. f3 Ng5 25. Qh5 g6 26. Qg4 Rd8 27. h4 Nf7 28. f4 Nh6 29. Qe6+ Qxe6 30. Rxe6 Kf7 31. Re1 Re8 32. Rxe8 Kxe8 33. Kf2 Ke7 34. Kf3 Ke6 35. g4 b6 36. h5 Kf7 37. hxg6+ hxg6 38. Kg3 Ng8 39. g5 Ne7 40. Kg4 Ke6 41. Bxg6 Nxg6 42. f5+ Kf7 43. fxg6+ Kxg6 44. Kf4 1-0

[Event "Niedersachsen-ch op-A"]
[Site "Verden"]
[Date "2015.01.03"]
[Round "4"]
[White "Sawadkuhi, Massoud Amir"]
[Black "Palmer, Harald"]
[Result "1-0"]
[WhiteElo "2146"]
[BlackElo "1876"]
[PlyCount "69"]
[EventDate "2015.01.02"]
[EventType "swiss"]
[EventRounds "7"]
[EventCountry "GER"]
[SourceTitle "EXT 2018"]
[Source "ChessBase"]
[SourceDate "2017.10.13"]
[SourceVersion "1"]
[SourceVersionDate "2017.10.13"]
[SourceQuality "1"]

1. e4 c5 2. Nf3 Nc6 3. Bb5 a6 4. Bxc6 dxc6 5. h3 Qc7 6. d3 e5 7. a4 b5 8. Nc3 Bb7 9. Be3 Nf6 10. 0-0 Be7 11. Nd2 0-0 12. Qe2 Rad8 13. f3 Nh5 14. Qf2 Qd6 15. Nb3 Qg6 16. Kh2 f5 17. exf5 Qf6 18. Ne4 Qf7 19. Nbxc5 Bc8 20. g4 Nf4 21. Bxf4 exf4 22. axb5 Bxc5 23. Qxc5 cxb5 24. Rfe1 h5 25. Qf2 Qc7 26. Re2 hxg4 27. hxg4 Qc6 28. Rh1 Rd5 29. Kg1 Bxf5 30. gxf5 Rfxf5 31. Qa7 Rd7 32. Qb8+ Rf8 33. Rh8+ Kxh8 34. Qxf8+ Kh7 35. Ng5+ 1-0

[Event "Niedersachsen-ch op-B"]
[Site "Verden"]
[Date "2012.01.03"]
[Round "3"]
[White "Tonndorf, Matthias"]
[Black "Palmer, Harald"]
[Result "1-0"]
[WhiteElo "2190"]
[BlackElo "1851"]
[PlyCount "50"]
[EventDate "2012.01.02"]
[EventType "swiss"]
[EventRounds "7"]
[EventCountry "GER"]
[SourceTitle "EXT 2021"]
[Source "ChessBase"]
[SourceDate "2020.10.23"]
[SourceVersion "1"]
[SourceVersionDate "2020.10.23"]
[SourceQuality "1"]

1. e4 e5 2. Nf3 Nc6 3. d4 exd4 4. Nxd4 Bc5 5. Be3 Qf6 6. c3 Nxd4 7. cxd4 Bb4+ 8. Nc3 Qc6 9. Qc2 Bxc3+ 10. bxc3 d6 11. Rb1 a6 12. Bd3 Ne7 13. f4 d5 14. exd5 Nxd5 15. Bd2 Nf6 16. 0-0 0-0 17. c4 b6 18. d5 Qc5+ 19. Kh1 Ng4 20. Bb4 Qd4 21. Bxh7+ Kh8 22. Bxf8 Ne3 23. Qd3 Qxd3 24. Bxd3 Bf5 25. Bxf5 Rxf8 1-0